Koleksi terbaik lagu-lagu asli 2 [ MTV/Karaoke

Bibliographic Details
Format: Book
Published: Kuala Lumpur : Serasi Music Sdn Bhd , 19-
Subjects:

MARC

LEADER 00000cam a2200000 7i4500
001 0000041726
005 20001218.0
090 0 0 |a MUZ   |b KOL 
245 0 0 |a Koleksi terbaik lagu-lagu asli 2 [  |h cd music] :   |b MTV/Karaoke 
260 |a Kuala Lumpur :   |b Serasi Music Sdn Bhd ,   |c 19- 
300 |a 1 CD music (50 minutes) :   |b col 
500 |a Library has 1 copy 
650 0 0 |a Koleksi terbaik lagu-lagu asli 2 
999 |a AV 01249   |b CD MUSIC   |c PINJAMAN   |e PERPUSTAKAAN KOMUNITI PETALING JAYA 
999 |a AV 01271   |b CD MUSIC   |c PINJAMAN   |e PERPUSTAKAAN KOMUNITI PETALING JAYA